Statistiken für Gemeinden an Autobahnen Österreich

Klicken Sie hier um das Quiz zu spielen!

Allgemein

  • Dieses Quiz wurde 13 mal gespielt
  • Das Durchschnittsergebnis liegt bei 81 aus 403

Antwortstatistiken

BezirkGemeinde% Korrekt
WWien
90%
LLinz
80%
PSankt Pölten
80%
AMAmstetten
70%
GGraz
70%
IInnsbruck
70%
HFSankt Johann in der Haide
70%
VIVillach
70%
WEWels
70%
WNWiener Neustadt
70%
DODornbirn
60%
HAHallein
60%
GUHart bei Graz
60%
MEMelk
60%
SSalzburg
60%
LLAnsfelden
50%
BNBaden
50%
JOBischofshofen
50%
PLBöheimkirchen
50%
BBregenz
50%
JOFlachau
50%
KUKufstein
50%
AMSankt Valentin
50%
WOWolfsberg
50%
JOAltenmarkt im Pongau
40%
LLAsten
40%
JOEben im Pongau
40%
LLEnns
40%
FKFeldkirch
40%
HFFriedberg
40%
HAGolling an der Salzach
40%
ILGries am Brenner
40%
SLGrödig
40%
HFHartberg
40%
IMImst
40%
KKlagenfurt am Wörthersee
40%
HAKuchl
40%
DOLustenau
40%
WLMarchtrenk
40%
MIMistelbach
40%
VBMondsee
40%
PLNeulengbach
40%
NDNeusiedl am See
40%
NDParndorf
40%
MEPöchlarn
40%
LLSankt Florian
40%
TASankt Michael im Lungau
40%
LNSankt Michael in Obersteiermark
40%
WLSattledt
40%
BLSchwechat
40%
SPSpittal an der Drau
40%
ILWattens
40%
JOWerfen
40%
PLAltlengbach
30%
WBBad Fischau-Brunn
30%
BNBad Vöslau
30%
HFBad Waltersdorf
30%
VBBerg im Attergau
30%
BZBludenz
30%
BLBruck an der Leitha
30%
MDBrunn am Gebirge
30%
GUDeutschfeistritz
30%
WZGleisdorf
30%
SPGmünd in Kärnten
30%
GUGratkorn
30%
VKGriffen
30%
AMHaag
30%
GRHaag am Hausruck
30%
SLHallwang
30%
VOHirschegg-Pack
30%
HFIlz
30%
SZJenbach
30%
NDKittsee
30%
TUKlosterneuburg
30%
SPKrems in Kärnten
30%
KLKrumpendorf am Wörthersee
30%
LILiezen
30%
MELoosdorf
30%
ILMatrei am Brenner
30%
KIMicheldorf in Oberösterreich
30%
MENeumarkt an der Ybbs
30%
NDNickelsdorf
30%
AMOed-Oehling
30%
JOPfarrwerfen
30%
OWPinkafeld
30%
PLPressbaum
30%
HAPuch bei Hallein
30%
PLPurkersdorf
30%
WOSankt Andrä
30%
AMSankt Georgen am Ybbsfelde
30%
VBSankt Georgen im Attergau
30%
GUSeiersberg-Pirka
30%
WZSinabelkirchen
30%
KISpital am Pyhrn
30%
VBStraß im Attergau
30%
LBStraß in Steiermark
30%
ILTelfs
30%
GUThal
30%
SLThalgau
30%
BNTraiskirchen
30%
LITrieben
30%
VLVelden am Wörther See
30%
VKVölkermarkt
30%
GMVorchdorf
30%
MDVösendorf
30%
LNWald am Schoberpaß
30%
SLWals-Siezenheim
30%
MDWiener Neudorf
30%
MIWolkersdorf im Weinviertel
30%
KUWörgl
30%
TAZederhaus
30%
ILZirl
30%
BNAlland
20%
LLAllhaming
20%
FKAltach
20%
LIArdning
20%
VLArnoldstein
20%
NKAspangberg-Sankt Peter
20%
WOBad Sankt Leonhard im Lavanttal
20%
HABad Vigaun
20%
MDBiedermannsdorf
20%
NDBruckneudorf
20%
SZBuch in Tirol
20%
HFBuch-Sankt Magdalena
20%
BNEbreichsdorf
20%
NKEdlitz
20%
PLEichgraben
20%
AMEnnsdorf
20%
SLEugendorf
20%
VLFinkenstein am Faaker See
20%
LIGaishorn am See
20%
OWGrafenschachen
20%
NKGrimmenstein
20%
MDGuntramsdorf
20%
BNHeiligenkreuz
20%
DOHohenems
20%
LNKalwang
20%
LNKammern im Liesingtal
20%
FKKlaus
20%
KIKlaus an der Pyhrnbahn
20%
KOKorneuburg
20%
BNKottingbrunn
20%
LBLang
20%
KOLangenzersdorf
20%
BLauterach
20%
VBLenzing
20%
LNMautern in Steiermark
20%
ILMils
20%
IMMils bei Imst
20%
VOMooskirchen
20%
PLNeustift-Innermanzing
20%
VLPaternion
20%
MDPerchtoldsdorf
20%
KLPörtschach am Wörther See
20%
BNPottendorf
20%
GRPram
20%
VBRegau
20%
SPRennweg am Katschberg
20%
KIRied im Traunkreis
20%
LIRottenmann
20%
VOSankt Martin am Wöllmißberg
20%
RISankt Martin im Innkreis
20%
KISankt Pankraz
20%
WOSankt Paul im Lavanttal
20%
LBSankt Veit in der Südsteiermark
20%
HFSchäffern
20%
LASchönwies
20%
NKSeebenstein
20%
VBSeewalchen am Attersee
20%
LISelzthal
20%
ILSteinach am Brenner
20%
KOStockerau
20%
SZTerfens
20%
VLTreffen am Ossiacher See
20%
GUÜbelbach
20%
ILVöls
20%
SZVomp
20%
NKWarth
20%
SZWeer
20%
LBWildon
20%
LAZams
20%
NKZöbern
20%
NDZurndorf
20%
GRAistersheim
10%
RIAndrichsfurt
10%
SLAnif
10%
RIAntiesenhofen
10%
AMAschbach-Markt
10%
VBAurach am Hongar
10%
HFBad Blumau
10%
GFBad Pirawarth
10%
KUBrixlegg
10%
UUEngerwitzdorf
10%
BLEnzersdorf an der Fischa
10%
GUFeldkirchen bei Graz
10%
BLFischamend
10%
MDGaaden
10%
MIGaweinstal
10%
MDGießhübl
10%
NDGols
10%
FKGötzis
10%
KLGrafenstein
10%
EUGroßhöflein
10%
HFGroßwilfersdorf
10%
BLHaslau-Maria Ellend
10%
MIHerrnbaumgarten
10%
MDHinterbrühl
10%
EUHornstein
10%
JOHüttau
10%
KIInzersdorf im Kremstal
10%
ILInzing
10%
GRKematen am Innbach
10%
ILKematen in Tirol
10%
PLKirchstetten
10%
BNKlausen-Leopoldsdorf
10%
WLKrenglbach
10%
KUKundl
10%
GMLaakirchen
10%
RILambrechten
10%
KULangkampfen
10%
GULaßnitzhöhe
10%
MDLaxenburg
10%
KOLeobendorf
10%
BNLeobersdorf
10%
GULieboch
10%
OWLoipersdorf-Kitzladen
10%
WZLudersdorf-Wilfersdorf
10%
PLMarkersdorf-Haindorf
10%
OWMarkt Allhau
10%
WBMatzendorf-Hölles
10%
GRMeggenhofen
10%
KIMolln
10%
EUMüllendorf
10%
MDMünchendorf
10%
KUMünster
10%
ILNatters
10%
BZNenzing
10%
NDNeudorf bei Parndorf
10%
BZNüziders
10%
HAOberalm
10%
PLOber-Grafendorf
10%
VBOberwang
10%
GMOhlsdorf
10%
ILPatsch
10%
GUPeggau
10%
RIPeterskirchen
10%
WLPichl bei Wels
10%
HFPinggau
10%
MIPoysdorf
10%
PLPyhra
10%
GURaaba-Grambach
10%
KURadfeld
10%
FKRankweil
10%
RIReichersberg
10%
GMRoitham am Traunfall
10%
NKScheiblingkirchen-Thernberg
10%
KISchlierbach
10%
ILSchönberg im Stubaital
10%
VBSchörfling am Attersee
10%
SPSeeboden am Millstätter See
10%
IMSilz
10%
KOSpillern
10%
SDSuben
10%
NKThomasberg
10%
LNTraboch
10%
MIUlrichskirchen-Schleinbach
10%
RIUtzenaich
10%
GRWeibern
10%
NDWeiden am See
10%
VLWeißenstein
10%
SZWiesing
10%
MIWilfersdorf
10%
PLWolfsgraben
10%
BWolfurt
10%
WBWöllersdorf-Steinabrückl
10%
EUWulkaprodersdorf
10%
GUWundschuh
10%
ILAmpass
0%
KUAngath
0%
AMArdagger
0%
MEBergland
0%
MEBlindenmarkt
0%
BZBludesch
0%
NKBreitenau
0%
BZBürs
0%
VBDesselbrunn
0%
GUDobl-Zwaring
0%
MIDrasenhofen
0%
KUEbbs
0%
WLEberstalzell
0%
VOEdelschrott
0%
LLEggendorf im Traunkreis
0%
MEErlauf
0%
FKFrastanz
0%
LBGabersdorf
0%
PLGerersdorf
0%
FKGöfis
0%
GUGössendorf
0%
BLGöttlesbrunn-Arbesthal
0%
LBGralla
0%
MIGroßebersdorf
0%
MIGroßkrut
0%
IMHaiming
0%
PLHaunoldstein
0%
GFHauskirchen
0%
LBHengsberg
0%
MIHochleithen
0%
WZHofstätten an der Raab
0%
VLHohenthurn
0%
MEHürm
0%
VBInnerschwand am Mondsee
0%
IMKarres
0%
IMKarrösten
0%
BKennelbach
0%
FKKoblach
0%
ILKolsass
0%
KUKramsach
0%
LBLebring-Sankt Margarethen
0%
VOLigist
0%
KLMagdalensberg
0%
IMMötz
0%
TAMuhr
0%
NKNatschbach-Loipersbach
0%
GUNestelbach bei Graz
0%
BNOberwaltersdorf
0%
RIOrt im Innkreis
0%
ILPettnau
0%
KLPoggersdorf
0%
NDPotzneusiedl
0%
WOPreitenegg
0%
BLPrellenkirchen
0%
GUPremstätten
0%
LLPucking
0%
ILRanggen
0%
IMRietz
0%
BLRohrau
0%
VLRosegg
0%
KIRoßleithen
0%
FKRöthis
0%
VLSankt Jakob im Rosental
0%
VBSankt Lorenz
0%
PLSankt Margarethen an der Sierning
0%
SDSankt Marienkirchen bei Schärding
0%
DLSankt Stefan ob Stainz
0%
FKSatteins
0%
FKSchlins
0%
MESchollach
0%
NKSchwarzau am Steinfeld
0%
WLSipbachzell
0%
IMStams
0%
SZStans
0%
EUSteinbrunn
0%
WLSteinerkirchen an der Traun
0%
WLSteinhaus
0%
VLStockenboi
0%
FKSulz
0%
KLTechelsberg am Wörther See
0%
VBTiefgraben
0%
SPTrebesing
0%
ILTrins
0%
BNTrumau
0%
ILTulfes
0%
ILUnterperfuss
0%
FRUnterweitersdorf
0%
GUVasoldsberg
0%
AMViehdorf
0%
ILVolders
0%
LBWagna
0%
KIWartberg an der Krems
0%
FKWeiler
0%
WLWeißkirchen an der Traun
0%
VLWernberg
0%
MDWienerwald
0%
AMWolfsbach
0%
AMZeillern
0%
MEZelking-Matzleinsdorf
0%

Verteilung der Resultate

Perzentil nach korrekt beantworteten Fragen

Anzahl Personen mit jedem Resultat

Ihre Resultats-Entwicklung

Sie haben dieses Quiz noch nicht gespielt